000 00634nam a2200277Ia 4500
005 20260324130618.0
008 008 260324s9999 xx 000 0 eng d
020 _a9780429241482
037 _aEBOOK
040 _aCRL
040 _beng
040 _cCRL
041 _2eng
041 _aeng
084 _qCRL
100 _aJames Ward
_91069415
245 0 _aSexualities, Work and Organizations
260 _bTaylor and Francis
260 _c2007
365 _a
365 _b240
856 _uhttp://www.taylorfrancis.com/books/9780429241482
942 _cEBOOK
999 _c1778756
_d1778756